000 00675na a2200217 4500
001 21118
003 MIRAKIL
005 20181213155031.0
008 170207b tu 000 0
040 _aMilas
_btur
_cTR-AnCHP
041 _atur
082 _a351.7223
_bS25i 2009
090 _a351.7223 S25i 2009
110 _aSanayi ve Ticaret Bakanlığı
245 _a2009 yılı bütçe tasarısı
_cSanayi ve Ticaret Bakanlığı
260 _aAnkara
_bSanayi ve Ticaret Bakanlığı
_c2009
300 _a77 s.
_btbl.
_c20 sm.
610 _aSanayi ve Ticaret Bakanlığı
_xBütçe tasarısı
_y2009
710 _aT.C. Sanayi ve Ticaret Bakanlığı
942 _2ddc
_cBKS
999 _c5228
_d5228